आत्मसन्मान (Record no. 426811)

MARC details
000 -LEADER
fixed length control field 00430nam a2200145Ia 4500
008 - FIXED-LENGTH DATA ELEMENTS--GENERAL INFORMATION
fixed length control field 100122s9999 xx 000 0 und d
082 ## - DEWEY DECIMAL CLASSIFICATION NUMBER
Item number 48090
Classification number 823
100 ## - MAIN ENTRY--PERSONAL NAME
Personal name राजे नयना
245 ## - TITLE STATEMENT
Title आत्मसन्मान
260 ## - PUBLICATION, DISTRIBUTION, ETC. (IMPRINT)
Name of publisher, distributor, etc नवचैतन्य प्रकाशन
Date of publication, distribution, etc 1992
300 ## - PHYSICAL DESCRIPTION
Extent 139
630 ## - SUBJECT ADDED ENTRY--UNIFORM TITLE
Uniform title आत्मसन्मान
730 ## - ADDED ENTRY--UNIFORM TITLE
Uniform title आत्मसन्मान
942 ## - ADDED ENTRY ELEMENTS (KOHA)
Koha item type Book
Holdings
Withdrawn status Lost status Damaged status Not for loan Home library Current library Date acquired Cost, normal purchase price Total Checkouts Full call number Barcode Date last seen Cost, replacement price Price effective from Koha item type Public note
        S.V. Pathak Library, Vile Parle S.V. Pathak Library, Vile Parle 07/20/1993 50.00   48090 SVPPARLE-48090 01/25/2010 50.00 01/25/2010 Book General NA